| 000 | 00918nam a2200241Ii 4500 | ||
|---|---|---|---|
| 003 | JO-AjNU | ||
| 008 | 230605s9999||||xx |||||||||||||| ||und|| | ||
| 017 | _a20/4123 | ||
| 020 | _a9960-32-082-0 | ||
| 040 |
_aJO-AjNU _bara _erda _cJO-AjNU |
||
| 041 | _aara | ||
| 050 | 1 | 4 | _aBP173.756.Q236 2000 |
| 100 | 3 |
_aقحف، منذر, _eauthor _927853 |
|
| 245 | 0 | 0 | _aالإيرادات العامة للدولة في صدر الإسلام وتطبيقاتها المعاصرة |
| 250 | _aط2 | ||
| 264 | 3 | 1 | _aجدة: البنك الاسلامي للتنمية، المعهدالاسلامي للبحوث والتدريب، 2000 |
| 300 | _a58ص | ||
| 336 |
_atext _btxt _2rdacontent |
||
| 337 |
_aunmediated _bn _2rdamedia |
||
| 338 |
_avolume _bnc _2rdacarrier |
||
| 490 | 0 | _aورقة معلومات اساسية 12 | |
| 650 | 4 |
_aالاقتصاد الاسلامي- النظام المالي في الاسلام _927854 |
|
| 999 |
_aA10733 _c14301 _d14301 |
||